| 000 | 01187cam a2200337 4500 | ||
|---|---|---|---|
| 008 | 090401t1995 xxu||||| |||| 00| 0 eng d | ||
| 020 | _a0077079906 | ||
| 035 | _a(Sirsi) u38159 | ||
| 041 | _aeng | ||
| 050 | _a690.241 | ||
| 100 | _aBeckmann, Poul | ||
| 245 | _aStructural aspects of building conservation. | ||
| 260 |
_aMaidenhead _bMcGraw-Hill Book Company _c1995 |
||
| 300 | _axix,286p. : ill. ; 24cm. | ||
| 350 | _a39.95 | ||
| 520 | _aA working manual for assessing the structural condition and specifyng the repair of all types of historic and other existing buildings. Intended for architects, planners and structural engineers, the book covers most forms of construction in use up to the 1960s. | ||
| 520 | _aSuperseded by second edition. (ISBN 0750657332). | ||
| 650 | _aCONCRETE | ||
| 650 | _aBUILT ENVIRONMENT-BUILDING ELEMENTS-COMPLETE BUILDING ELEMENTS-FOUNDATIONS | ||
| 650 | _aHISTORIC BUILDINGS | ||
| 650 | _aIRON | ||
| 650 | _aMASONRY | ||
| 650 | _aREPAIRS | ||
| 650 | _aSTEELWORK | ||
| 650 | _aSTRUCTURAL APPRAISAL | ||
| 650 | _aSTRUCTURAL ENGINEERING | ||
| 650 | _aTIMBER | ||
| 690 | _aCONSERVATION | ||
| 942 | _n0 | ||
| 948 | _c04/03/1997 | ||
| 999 |
_c90618 _d90618 |
||